Vista normal
Vista MARC
Entrada Personal Name
Número de registros utilizados en: 1
001 - CONTROL NUMBER
- control field: 65156
003 - CONTROL NUMBER IDENTIFIER
- control field: OSt
005 - DATE AND TIME OF LATEST TRANSACTION
- control field: 20250929225247.0
008 - FIXED-LENGTH DATA ELEMENTS
- fixed length control field: 250929|| aca||aabn | a|a d
040 ## - CATALOGING SOURCE
- Original cataloging agency: OSt
- Transcribing agency: OSt
100 ## - HEADING--PERSONAL NAME
- Personal name: Niño Díez, Jaime,
- Dates associated with a name: 1942-2016
670 ## - SOURCE DATA FOUND
- Source citation: Work cat.: (OSt)59285: Niño Díez, Jaime, 1942-2016., Acciones y resultados de la educación en 1997 /